[Event "Ch Romania (w)"]
[Site "masterchessopen.com Sarata Monteoru (Romania)"]
[Date "2011.02.12"]
[Round "1"]
[White "Foisor Mihaela-Veronica (ROM)"]
[Black "Porcoleanu D"]
[Result "1-0"]
[WhiteElo "2205"]
[BlackElo "1811"]

1.d4 Nf6 2.c4 e6 3.Nc3 Bb4 4.e3 O-O 5.Bd3 d5 6.a3 Bxc3+ 7.bxc3 c6 8.Nf3 Nbd7
9.O-O Ne4 10.Qc2 Ndf6 11.Ne5 Qa5 12.f3 Nd6 13.c5 Nde8 14.g4 h6 15.Bd2 Qd8
16.Rf2 Nd7 17.f4 Nxe5 18.fxe5 b6 19.Raf1 b5 20.Bh7+ Kh8 21.Rxf7 Rxf7 22.Rxf7
Nc7 23.Qg6 {#r} 1-0

[Event "It (open)"]
[Site "masterchessopen.com Lucija (Slovenia)"]
[Date "2011.08.15"]
[Round "5"]
[White "Starcic Tadej (SLO)"]
[Black "Pregarac Valter (SLO)"]
[Result "0-1"]
[WhiteElo "2091"]
[BlackElo "2105"]

1.d4 e6 2.c4 Nf6 3.Nc3 Bb4 4.e3 O-O 5.Bd3 d5 6.a3 Bxc3+ 7.bxc3 c5 8.Ne2 cxd4
9.exd4 dxc4 10.Bxc4 Qc7 11.Ba2 b6 12.Bf4 Qc6 13.O-O Ba6 14.Rc1 Bc4 15.Bb1 Nbd7
16.Re1 Rfd8 17.Ng3 Nd5 18.Bg5 Re8 19.Qh5 Nf8 20.Qg4 f5 21.Qd1 Ng6 22.Nh5 Qd6
23.g3 Qxa3 24.h4 Rac8 25.Qf3 Qd6 26.g4 Nde7 27.gxf5 Bd5 28.Qg4 Nxf5 29.Bf4 Qf8
30.Be5 Nfxh4 31.f4 Nf3+ 32.Kf2 Nfxe5 33.dxe5 Rc4 34.Kg3 Qf7 35.Re3 Rf8 36.Rf1
Rfc8 37.Rc1 b5 38.Kh2 b4 39.Rg1 bxc3 40.f5 Rxg4 {#R} 0-1

[Event "Ch Hungary (team) 2011/12"]
[Site "masterchessopen.com Hungary"]
[Date "2011.09.25"]
[Round "1"]
[White "Szabo Zsolt (HUN)"]
[Black "Rudolf Anna (HUN)"]
[Result "1-0"]
[WhiteElo "2196"]
[BlackElo "2359"]

1.d4 e6 2.c4 Nf6 3.Nc3 Bb4 4.e3 O-O 5.Bd3 d5 6.a3 Bxc3+ 7.bxc3 b6 8.cxd5 exd5
9.Ne2 Ba6 10.O-O Bxd3 11.Qxd3 c5 12.f3 Re8 13.Ng3 Nc6 14.Bb2 Rc8 15.Rae1 Re6
16.e4 dxe4 17.fxe4 Ne5 18.Qd1 Nc4 19.Bc1 cxd4 20.cxd4 b5 21.Kh1 Rc7 22.d5 Ra6
23.Nf5 Ne5 24.Bf4 Nfd7 25.d6 Rc4 26.Qd5 Rc5 27.Qb3 Qe8 28.Rc1 Nc4 29.Qg3 g6
30.Ne7+ Kg7 31.e5 Rxa3 32.Qh4 b4 33.Bh6+ Kh8 34.Rxc4 {#r} 1-0

[Event "Ch Moscow"]
[Site "masterchessopen.com Moscow (Russia)"]
[Date "2012.03.17"]
[Round "8"]
[White "Gagarin Vasilij (RUS)"]
[Black "Kachar Vladimir (RUS)"]
[Result "1-0"]
[WhiteElo "2417"]
[BlackElo "2294"]

1.d4 Nf6 2.c4 e6 3.Nc3 Bb4 4.e3 O-O 5.Bd3 d5 6.a3 Bxc3+ 7.bxc3 c5 8.cxd5 exd5
9.Ne2 b6 10.O-O Ba6 11.Bxa6 Nxa6 12.f3 Nc7 13.Ng3 Ne6 14.Bb2 Qd7 15.e4 Rac8
16.Qd3 g6 17.Rad1 cxd4 18.cxd4 Nf4 19.Qd2 N6h5 20.Rfe1 Qa4 21.Rc1 Rxc1 22.Rxc1
Qb5 23.Nxh5 Nxh5 24.Rc7 Nf6 25.e5 Ne8 26.Rxa7 Ng7 27.Rc7 Ne6 28.Rc1 Ra8 29.h3
Kg7 30.Kh2 Ra4 31.f4 Qb3 32.f5 gxf5 33.Rc3 Qa2 34.Rg3+ Kf8 35.Qh6+ Ke8 36.Rg8+
{#r} 1-0

[Event "It (open)"]
[Site "masterchessopen.com Albena (Bulgaria)"]
[Round "6"]
[White "Li Shilong (CHN)"]
[Black "Kashashvili Alexandre (GEO)"]
[Result "0-1"]
[WhiteElo "2549"]
[BlackElo "2270"]

1.d4 Nf6 2.c4 e6 3.Nc3 Bb4 4.e3 O-O 5.Bd3 d5 6.a3 Bxc3+ 7.bxc3 c5 8.cxd5 Qxd5
9.Nf3 b6 10.Qe2 Bb7 11.e4 Qh5 12.O-O Nbd7 13.Re1 Rfe8 14.Bf4 Nf8 15.h3 Ng6
16.Bg5 h6 17.Bd2 Rad8 18.Qf1 cxd4 19.cxd4 Nh4 20.Ne5 Rxd4 21.f4 Red8 22.g4
Rxd3 23.gxh5 Rxd2 24.Nf3 Rg2+ 25.Qxg2 Nxg2 26.Kxg2 Nxe4 27.Ne5 f6 28.Ng6 Nd2+
29.Kg3 Rd6 {#R} 0-1

[Event "Memorial Sukharev (open)"]
[Site "masterchessopen.com Novosibirsk (Russia)"]
[Date "2012.07.22"]
[Round "5"]
[White "Loginova Lubov"]
[Black "Vershinin Mikhail (RUS)"]
[Result "0-1"]
[WhiteElo "1847"]
[BlackElo "2034"]

1.d4 Nf6 2.c4 e6 3.Nc3 Bb4 4.e3 O-O 5.Bd3 d5 6.a3 Bxc3+ 7.bxc3 c5 8.Ne2 Nc6
9.Qc2 Na5 10.cxd5 c4 11.Be4 exd5 12.Bf5 Re8 13.O-O Nb3 14.Rb1 g6 15.Bxc8 Rxc8
16.Bb2 b5 17.Nc1 Nxc1 18.Bxc1 Qd7 19.Ra1 a5 20.Bd2 Rb8 21.Rfb1 Qd6 22.h3 Rb7
23.f3 Re6 24.Qb2 Qb8 25.Qc2 Qf8 26.Rb2 Qe7 27.Re1 a4 28.Ra2 Qe8 29.Raa1 Qc6
30.Kf2 Rbe7 31.Rh1 h5 32.g4 h4 33.Rag1 g5 34.Re1 Qd6 35.Rhg1 Qxa3 36.Qf5 Nh7
37.Qxd5 Qb2 38.Rd1 Rxe3 39.f4 Re2+ 40.Kf3 Qxc3+ {#R} 0-1

[Event "Ch India"]
[Site "masterchessopen.com Kolkata (India)"]
[Date "2012.10.05"]
[Round "5"]
[White "Arun Prasad S (IND)"]
[Black "Swayams Mishra (IND)"]
[Result "1-0"]
[WhiteElo "2510"]
[BlackElo "2393"]

1.d4 e6 2.c4 Nf6 3.Nc3 Bb4 4.e3 O-O 5.Bd3 d5 6.a3 Bxc3+ 7.bxc3 c5 8.Ne2 dxc4
9.Bxc4 Qc7 10.Bd3 Nbd7 11.O-O b6 12.e4 Bb7 13.Ng3 Rfd8 14.Bg5 h6 15.Be3 Rac8
16.Qe2 Nf8 17.f4 Qe7 18.a4 cxd4 19.Bxd4 N8d7 20.e5 Ne8 21.f5 exf5 22.Nxf5 Qe6
23.Ne3 Nc7 24.Rae1 Nd5 25.Bf5 Qe7 26.Qg4 Nc7 27.e6 fxe6 28.Bxe6+ Nxe6 29.Nf5
Qg5 30.Nxh6+ Kh7 31.Rxe6 Qxg4 32.Nxg4 Rc6 33.Rf7 Rg8 34.Ree7 {#r} 1-0